| 000 | 00903nam a2200205 a 4500 | ||
|---|---|---|---|
| 001 | 000004044 | ||
| 005 | 20240307073944.0 | ||
| 008 | 090716s2008 dr a r 000 0 spa d | ||
| 040 |
_aDO-SdBNP _bspa _cBNPHU |
||
| 082 |
_aR370.3 _bT231d |
||
| 100 | 1 |
_aTavárez Marzán, Miledys Teresa _912076 |
|
| 245 | 1 | 0 |
_aDiccionario pedagógico : _b(miles de términos universales y dominicanos, biografías y frases pedagógicas) / _cMiledys Teresa Tavárez Marzán, Miguel Andrés Gil. |
| 260 |
_aSanto Domingo : _bUniversitaria-UASD, _c2008. |
||
| 300 |
_a260 p. : _bil. ; _c22cm. |
||
| 500 | _aMaterial recomendado para estudiantes de educación, investigadores, maestros, formadores y público en general | ||
| 650 | 4 |
_aEducación _vDICCIONARIOS _xEspañol _912077 |
|
| 650 | 4 |
_aEspañol _xDiccionarios _912078 |
|
| 710 | 1 | 2 |
_aUniversidad Autónoma de Santo Domingo _972951 |
| 910 | _aValidado. Control de calidad MFF | ||
| 999 |
_c3863 _d3863 |
||